Detalles MARC
| 000 -LIDER |
| fixed length control field |
00957nam a2200313 4500 |
| 001 - NÚMERO DE CONTROL |
| Identificador de número de control |
374951 |
| 003 - IDENTIFICACDOR DE NÚMERO DE CONTROL |
| control field |
DO-SdBNP |
| 005 - DATE AND TIME OF LATEST TRANSACTION |
| control field |
20180222101950.0 |
| 007 - CAMPOS FIJOS DE DESCRIPCIÓN FÍSICA |
| fixed length control field |
374951 |
| 008 - ELEMENTOS DE LONGITUD FIJA |
| fixed length control field |
930112s1991 sp a |||| ||spa d |
| 016 7# - NO. DE CONTROL DE LA AGENCIA BIB. NACIONAL |
| Source |
BPMSU |
| 020 ## - ISBN |
| International Standard Book Number |
8477226369 |
| 040 ## - FUENTE DE CATALOGACIÓN |
| Agencia que crea de manera original el registro |
BPMSU |
| Idioma de catalogación |
spa |
| Agencia que realiza la transcripción |
BPMSU |
| 041 1# - CÓDIGOS DE OBRAS TRADUCIDAS O EN VARIOS IDIOMAS |
| Código del idioma del texto/archivo de sonido o separata |
spa |
| 082 #4 - NÚMERO DE CLASIFICACIÓN DECIMAL DE DEWEY |
| Classification number |
xxx |
| Item number |
xxx |
| 100 1# - ASIENTO PRINCIPAL -- NOMBRE PERSONAL |
| Nombre personal |
Kushner, Ellen |
| 240 1# - TITULO UNIFORME |
| Título uniforme |
The enchanted kingdom |
| 245 13 - MENCIÓN DE TITULO |
| Título |
El reino encantado / |
| Mención de responsabilidad |
Ellen Kushner ; ilustraciones Judith Mitchell ; traducción Concha Cardeñoso |
| 260 ## - PUBLICACIÓN, DISTRIBUCIÓN, ETC. (PIE DE IMPRENTA) |
| Lugar de publicación, distribución, etc |
Barcelona; |
| Nombre del editor, distribuidor, etc. |
Timun Más, |
| Fecha de publicación, distribución, etc |
1991. |
| 300 ## - DESCRIPCIÓN FÍSICA |
| Extensión |
113 p., |
| Otros detalles físicos |
il.: |
| Dimensiones |
19 cm, |
| 490 ## - MENCIÓN DE SERIES |
| Mención de serie |
Elige tu propia aventura |
| Volume/sequential designation |
60 |
| 500 4# - NOTA GENERAL |
| Nota general |
Traducción de: The enchanted kingdom |
| 700 1# - ASIENTO SECUNDARIO -- NOMBRE PERSONAL |
| Nombre personal |
Mitchell, Judith |
| Fechas asociadas con el nombre |
1951- |
| Mención de responsabilidad |
ilustraciones |
| 700 1# - ASIENTO SECUNDARIO -- NOMBRE PERSONAL |
| Nombre personal |
Cardeñoso, Concha |
| Fechas asociadas con el nombre |
1956- |
| Mención de responsabilidad |
traducción |
| 830 ## - ASIENTO SECUNDARIO DE SERIE--TÍTULO UNIFORME |
| Nombre de la parte o sección de una obra |
Elige tu propia aventura |
| Volume number/sequential designation |
60 |
| 942 ## - ADDED ENTRY ELEMENTS (KOHA) |
| Source of classification or shelving scheme |
Dewey Decimal Classification |
| Koha item type |
Libros |
| 945 ## - INFORMACIÓN DE PROCESAMIENTO LOCAL |
| Información de procesamiento local |
Inventariado, 2018/ YL |
| 956 ## - LOCAL ELECTRONIC LOCATION AND ACCESS (OCLC) |
| Nombre de host |
VMATEO |
| Método de acceso |
10 |
| Materiales especificados |
20151123 |
| Enlace |
BPMSU |
| Campo enlazado y núm. de secuencia |
00151 |